000 00394nam a22001217a 4500
008 171103b xxu||||| |||| 00| 0 eng d
082 _2Aug-Nov 2004
_aDPer 796.05
_bAt65
245 _aAtlas sports.
260 _aPhilippines:
_bAtlas Publishing Company, Inc.,
_cAug-Nov 2004.
300 _a1(various paging):
_bcolor illustrations;
_c29 cm.
650 0 _923083
_aSports
_vPeriodicals
942 _2ddc
_cPER
999 _c7651
_d7651